Science Quiz

Random Science or Elements Quiz

Elemental Elements Quiz Stats

 Plays Quiz Updated Feb 2, 2018

Challenge
Share
Tweet
Embed
Score 0/26 Timer 05:00
1 Play Today
Atomic Number Element % Correct
29Copper
60.4%
50Tin
58.6%
14Silicon
56.4%
27Cobalt
56.1%
82Lead
53.7%
28Nickel
50.8%
55Cesium
38.9%
94Plutonium
38.9%
21Scandium
38.5%
83Bismuth
37.5%
51Antimony
35.8%
98Californium
35.3%
49Indium
34.6%
Atomic Number Element % Correct
76Osmium
33.8%
84Polonium
33.3%
72Hafnium
30.3%
41Niobium
29.9%
70Ytterbium
29.2%
67Holmium
28.8%
107Bohrium
27.5%
93Neptunium
27.4%
102Nobelium
26.3%
97Berkelium
26.1%
112Copernicium
23.9%
108Hassium
22.4%
113Nihonium
16.1%

You're not logged in!

Compare scores with friends on all Sporcle quizzes.
OR
Log In

You Might Also Like...

Show Comments

Extras

Top Quizzes Today


Score Distribution

Your Account Isn't Verified!

In order to create a playlist on Sporcle, you need to verify the email address you used during registration. Go to your Sporcle Settings to finish the process.

Report this User

Report this user for behavior that violates our Community Guidelines.

Details: